000 00604nam a22001577a 4500
003 OSt
005 20151005105624.0
008 151005b xxu||||| |||| 00| 0 eng d
040 _cRUA
082 _aAVM CHU 2003 B073 Or.1
100 _92030
_aCHUM, CHANDARA.
245 _aStudy on fighting cock raising in kean svay district, kandal province (ការសិក្សាលើការចិញ្ចឺមមាន់ជល់នៅស្រុកគៀនស្វាយខេត្តកណ្ដាល)
260 _aPhnom Penh
_bRUA
_c2003
300 _aviii, 32p.
_bill.
_c29cm.
942 _2ddc
_cAVM
999 _c1917
_d1917